000 00501nam a22001577a 4500
003 NUST
038 _aSaba
082 _a004
_bMCS
100 _aNaveed, Rida
_935184
245 _aSecurity Requirements Specification Framework for Government Sector Cloud Users for Cloud Computing Prctsojects
_cRida Naveed
260 _aIslamabad :
_bMCS-NUST,
_c2014.
300 _a63p.
_c30cm
650 _aInformation Security - Government Sector
_935185
700 _aDr. Haider Abbas
_921260
942 _2ddc
_cTHE
999 _c540904
_d540904